|
|
|
|
| LEADER |
01479nam a2200313 u 4500 |
| 001 |
10061559 |
| 003 |
upatras |
| 005 |
20240109092208.0 |
| 008 |
070518s1993 gr gre |
| 040 |
|
|
|a GR-PaULI
|c GR-PaULI
|
| 041 |
0 |
|
|a gre
|
| 082 |
0 |
4 |
|a 338.9
|
| 100 |
1 |
|
|a Ναξάκης, Χάρης,
|d 1958-
|9 42333
|
| 245 |
1 |
0 |
|a Προς έναν πράσινο καπιταλισμό
|c Χάρης Ναξάκης
|
| 260 |
|
|
|a [Χ.τ.]
|b Εναλλακτικές εκδόσεις
|c 1993
|
| 300 |
|
|
|a 118 σ.
|b πίν.
|c 18 εκ.
|
| 490 |
0 |
|
|a Οικολογική σκέψη
|v 8
|
| 504 |
|
|
|a Περιλαμβάνει βιβλιογραφία
|
| 650 |
|
4 |
|a Περιβαλλοντική πολιτική
|9 2540
|
| 650 |
|
4 |
|a Οικολογία
|9 5723
|
| 650 |
|
4 |
|a Οικολογία
|x Οικονομία
|9 35018
|
| 760 |
0 |
|
|a Οικολογική σκέψη
|g 8
|
| 852 |
|
|
|a GR-PaULI
|b ΠΑΤΡΑ
|b ΒΚΠ
|b ΒΣ1
|k ΑΣΧΕ
|h 338.9 ΝΑΞ
|m 084289
|p 025000154646
|t 1
|
| 852 |
|
|
|a GR-PaULI
|b ΠΑΤΡΑ
|b ΒΚΠ
|b ΒΣ1
|k ΑΣΧΕ
|h 338.9 ΝΑΞ
|m 082997
|p 025000149980
|t 2
|
| 942 |
|
|
|2 ddc
|c BK15
|
| 952 |
|
|
|0 0
|1 0
|4 0
|6 338_900000000000000_ΝΑΞ
|7 0
|9 59536
|a LISP
|b LISP
|c BSC
|d 2016-04-24
|i 084289
|l 0
|o 338.9 ΝΑΞ
|p 025000154646
|r 2016-04-24 00:00:00
|t 1
|w 2016-04-24
|y BK15
|
| 952 |
|
|
|0 0
|1 0
|4 0
|6 338_900000000000000_ΝΑΞ
|7 0
|9 59537
|a LISP
|b LISP
|c BSC
|d 2016-04-24
|i 082997
|l 0
|o 338.9 ΝΑΞ
|p 025000149980
|r 2016-04-24 00:00:00
|t 2
|w 2016-04-24
|y BK15
|
| 998 |
|
|
|c ΣΚΟΝΔΡΑ
|d 2007-05
|
| 999 |
|
|
|c 37911
|d 37911
|